Statistics for Countries that have Controlled Vienna

Click here to take the quiz!

General Stats

  • This quiz has been taken 36 times
  • The average score is 17 of 23

Answer Stats

HintAnswer% Correct
1453 - 1806Archduchy of Austria
97%
1806 - 1867Austrian Empire
97%
1867 - 1918Austro-Hungarian Empire
97%
1156 - 1453Duchy of Austria
97%
972 - 1156Margraviate of Austria
97%
1938 - 1945Nazi Germany
97%
1918 - 1938Republic of Austria
97%
1955 - presentRepublic of Austria
97%
before 180 - 421Roman Empire / Western Roman Empire (after 395)
97%
1945 - 1955Fourth French Republic
94%
1945 - 1955Union of Soviet Socialist Republics
94%
1945 - 1955United Kingdom of Great Britain and Northern Ireland
88%
1945 - 1955United States of America
84%
421 - 454Huns
78%
907 - 972Duchy of Hungary
72%
972 - 1806Holy Roman Empire
69%
487 - 493Odoacer's Kingdom of Italy
50%
568 - 791Avars (and allied Slavs)
41%
791 - 843Francia
34%
493 - 530sOstrogothic Kingdom
31%
843 - 907East Francia
28%
530s - 568Lombards
19%
before 467 - 487Rugiland
3%

Score Distribution

Percentile by Number Answered

Percent of People with Each Score

Your Score History

You have not taken this quiz